000 03405cam a22012254i 4500
003 PE-LiUPU
005 20250813185503.0
008 150625s r 000 0 d
035 _a(Sirsi) a33000
040 _aPE-LiUPU
_bspa
_cPE-LiUPU
_erda
082 0 4 _a303.34
_bB24
_221
100 1 _aBasil, Douglas C.,
_eautor.
245 1 0 _aConduccion y Liderazgo.
250 _a3a
264 1 _aBuenos Aires :
_bEl Ateneo,
_c1980.
300 _a182 páginas ;
_c20 cm.
336 _atext
_2rdacontent
337 _aunmediated
_2rdamedia
338 _avolume
_2rdacarrier
490 0 _aPersonal y relaciones humanas
504 _aIncluye bibliografía. .
505 0 _aAnálisis sociológico de la organización y el liderazgo. -La conducta interpersonal y la acción de liderazgo. -Los factores de organización y el liderazgo. -Las aptitudes de liderazgo y las pautas de motivación. -Métodos de administración y liderazgo. -Los controles, la motivación y el liderazgo. -La comunicación y el liderazgo. -El liderazgo en la situación propia de la conferencia. -Capacidad ejecutiva del liderazgo.
526 _aP202
526 _aP201
526 _aP163
526 _aP162
526 _aP161
526 _aP160
526 _aP148
526 _aP147
526 _aP146
526 _aP145
526 _aP144
526 _aP143
526 _aP142
526 _aP141
526 _aP140
526 _aP139
526 _aP138
526 _aP137
526 _aP136
526 _aP135
526 _aP134
526 _aP133
526 _aP129
526 _aP128
526 _aP127
526 _aP120
526 _aP119
526 _aP118
526 _aP116
526 _aP115
526 _aP114
526 _aP110
526 _aP109
526 _aP108
526 _aP104
526 _aP103
526 _aP102
526 _aP99
526 _aP98
526 _aP97
526 _aP96
526 _aP95
526 _aP93
526 _aP90
526 _aP89
526 _aP88
526 _aP83
526 _aP82
526 _aP62
526 _aP59
526 _aP58
526 _aP57
526 _aP51
526 _aP49
526 _aP48
526 _aP47
526 _aP29
526 _aP24
526 _aP20
526 _aP19
526 _aP17
526 _aP15
526 _aP14
526 _aP12
526 _aP10
526 _aP09
526 _aP08
526 _aP07
526 _aP06
526 _aP05
526 _aP04
526 _aP01
650 0 4 _aCiencias Sociales
_xCiencias Administrativas.
910 _clch
_d20080513
942 _2ddc
_cBOOK
949 _a303.34 B24
_wDEWEY
_c1
_i33324
_lCCODEBUL1
_mBUL
_p00.00
_r0
_sY
_tBOOK
_u2015-06-25
_xBIBLIOTECA
_zUNKNOWN
_0COMPRA
_o.STAFF. Colección General
949 _a303.34 B24
_wDEWEY
_c2
_i22500
_lCCODEBUL1
_mBUL
_p00.00
_r0
_sY
_tBOOK
_u2015-06-25
_xBIBLIOTECA
_zUNKNOWN
_0COMPRA
_o.STAFF. Colección General
596 _a1
999 _a303.34 B24
_wDEWEY
_c40716
_i33324
_f2021-11-4
_g5
_lCCODEBUL1
_mBUL
_r0
_sY
_tBOOK
_u2015-6-25
_xBIBLIOTECA
_zUNKNOWN
_0COMPRA
_o.STAFF. Colección General
_d40716
999 _a303.34 B24
_wDEWEY
_c2
_i22500
_f2019-12-9
_g4
_lDISCARD
_mBUL
_r0
_sY
_tBOOK
_u2015-6-25
_xEDUCACION
_zUNKNOWN
_0COMPRA
_o.STAFF. Colección General
980 _81
_gALBERTO SANCHEZ Responsable de Automatización